| 000 | 00469nam a2200181Ia 4500 | ||
|---|---|---|---|
| 008 | 240925s9999 xx 000 0 und d | ||
| 020 | _a70266980 | ||
| 082 | _a621.38154 HAR | ||
| 100 | _aHarper ,Charles A. | ||
| 245 | 0 | _aPassive Electronic Component Handbook | |
| 250 | _a2nd | ||
| 260 |
_aToronto: _bMc Graw-Hill _c,1997. |
||
| 300 |
_a296p. _bNA _fOriginal |
||
| 500 | _aIncludes Index | ||
| 600 | _aElectronic Engineering | ||
| 650 | _aTechnology | ||
| 942 | _cBK | ||
| 999 |
_c4175 _d4175 |
||